00181nam a2200073Ia 4500082001600000245001900016100003100035008004100066 aTSO KF DEBO 0aAlba [Tsonga]  a DE BOEL, Anne-Catherine 210825s9999 xx 000 0 und d